Abriss des Geometrischen Kalküls (Record no. 156673)

MARC details
000 -LEADER
campo de control de longitud fija 00614nam a22001815i 4500
001 - NÚMERO DE CONTROL
campo de control 156673
003 - IDENTIFICADOR DE NÚMERO DE CONTROL
campo de control ES-MaACL
005 - FECHA Y HORA DE LA ÚLTIMA TRANSACCIÓN
campo de control 20250724074834.0
008 - DATOS DE LONGITUD FIJA--INFORMACIÓN GENERAL
campo de control de longitud fija 040803s1893 gw |||| | ger d
040 ## - FUENTE DE CATALOGACIÓN
Centro catalogador/agencia de origen CAM
Lengua de catalogación spa
Centro/agencia transcriptor CAM
100 1# - ENTRADA PRINCIPAL--NOMBRE DE PERSONA
Nombre de persona Kraft, Ferdinand.
9 (RLIN) 128486
245 10 - MENCIÓN DEL TÍTULO
Título Abriss des Geometrischen Kalküls
Resto del título : nach den werken des Dr. Hermann Günther Grassmann /
Mención de responsabilidad, etc. bearbeitet von Ferdinand Kraft.
260 ## - PUBLICACIÓN, DISTRIBUCIÓN, ETC.
Lugar de publicación, distribución, etc. Leipzig :
Nombre del editor, distribuidor, etc. B.G. Teubner,
Fecha de publicación, distribución, etc. 1893.
300 ## - DESCRIPCIÓN FÍSICA
Extensión XII, 255 p. ;
Dimensiones 24 cm.
650 #7 - PUNTO DE ACCESO ADICIONAL DE MATERIA--TÉRMINO DE MATERIA
Término de materia o nombre geográfico como elemento de entrada Geometría
Fuente del encabezamiento o término embne
9 (RLIN) 13096
852 ## - LOCALIZACIÓN
Ubicación ES-MaACL
Número de control de estantería F-2748
Nota libre -- Enc. pasta española
Holdings
Estatus retirado Estado de pérdida Estado de daño No para préstamo Colección Biblioteca de origen Biblioteca actual Ubicación en estantería Fecha de adquisición Fuente de adquisición Total de préstamos Signatura topográfica completa Código de barras Visto por última vez Precio de reemplazo Tipo de ítem Koha
        Libros del s. XIX Biblioteca del Ateneo de Madrid Biblioteca del Ateneo de Madrid Depósito 2 17/01/2008     F-2748 1163916 23/02/2023 23/02/2023 Libro impreso antiguo